| 000 | 01091aam a2200253 i 4500 | ||
|---|---|---|---|
| 003 | EG-ScBUE | ||
| 005 | 20230918102721.0 | ||
| 008 | 100628s2000 u f 00 0 araaara d | ||
| 040 |
_aEG-ScBUE _bara _erda _cEG-ScBUE _dEG-ScBUE |
||
| 082 | 0 | 4 |
_222 _a920.7 _bم س ي |
| 100 | 1 |
_98123 _aمسيري، عبد الوهاب، _d1938-2008، _eمؤلف. |
|
| 245 | 1 | 0 |
_aرحلتي الفكرية فى البذور والجذور والثمر : _bسيرة غير ذاتية، غير موضوعية / _cد. عبد الوهاب المسيري. |
| 264 | 1 |
_aالقاهرة : _bشركة الأمل للطباعة والنشر، _c2000. |
|
| 300 |
_a559 صفحة ؛ _c24 .سم |
||
| 336 |
_2rdacontent _aنص _btxt |
||
| 337 |
_2rdamedia _aبدون وسيط _bn |
||
| 338 |
_2rdacarrier _aمجلد _bnc |
||
| 490 | 0 |
_a؛ مطبوعات الهيئة _v47 |
|
| 541 |
_aألف باء ؛ _cشراء ؛ |
||
| 650 | 7 |
_915402 _aالمثقفون المصريون _vتراجم. _2BUEsh |
|
| 650 | 7 |
_915406 _aالسياسيون المصريون _vتراجم. _2BUEsh |
|
| 655 | _vReading book | ||
| 942 |
_2ddc _cBB |
||
| 999 |
_c14273 _d14273 |
||